000
00266nam a2200097 a 4500
005
20200930062250.0
008
110510s2004 000 spa d
245
3
_a
El Banco de Reservas presenta 101 máximas y refranes criollos.
260
_c
[s.f.].
999
_c
29835
_d
29835
040
_a
DO-SdBNP